000 00209nam a22000857a 4500
008 160912b xxu||||| |||| 00| 0 eng d
100 _9359
_aNCERT
245 _aHabitat and Learning
260 _aNew Delhi
_bNCERT
_c2006
999 _c3018
_d3018